Countries by Least Amount of Area - Statistics

General Stats
  • This quiz has been taken 15 times
  • The average score is 3 of 15
Answer Stats
Hint Answer % Correct
0.19 Vatican City
100%
0.77 Monaco
79%
8 Nauru
64%
10 Tuvalu
57%
2.6 Gibraltar
21%
13 Macau
7%
1.9 Ashmore and Cartier Islands
0%
2.3 Clipperton Island
0%
5 Cocos (Keeling) Islands
0%
1.2 Coral Sea Islands
0%
5 Saba
0%
8 Saint Barthelemy
0%
8 Saint Eustatius
0%
0.77 Spratly Islands
0%
5 Tokelau
0%
No matching quizzes found
Score Distribution
Percent of People with Each Score
Percentile by Number Answered
Your Score History
You have not taken this quiz